| 000 | 01217naa a22003137a 4500 | ||
|---|---|---|---|
| 001 | BR7901631 | ||
| 003 | BR-BrBNA | ||
| 005 | 20240918174330.0 | ||
| 007 | ta | ||
| 008 | 230509b bl.||||| |||| 00| 0 por d | ||
| 040 |
_aBR-BrBNA _bpor _cBiblioteca Nacional de Agricultura |
||
| 041 | _a(Pt) | ||
| 072 |
_aF00 _b0180 _b0185 _bG514 |
||
| 090 | _aF00 BR7901631 | ||
| 100 | 1 | _aLinhares, A.G. | |
| 100 | 1 | _aColla, J.E. | |
| 111 | 1 |
_a10. Reuniao Anual Conjunta de Pesquisa de Trigo _cPorto Alegre, RS (Brazil) _d3 Apr 1978 |
|
| 245 | 1 | _aMultiplicacao de semente de trigo e de triticale no CNPTRIGO em 1977 [Centro Nacional de Pesquisa de Trigo; Triticum spp; Triticale hexaploide; Rio Grande do Sul; Brasil] | |
| 260 | 3 |
_aPasso Fundo, RS (Brasil): _c1978. |
|
| 500 | _aMelhoramento de trigo, sementes, triticale e cevada Passo Fundo, RS (Brasil): 1978. p. 121-123 (BR7901631-AM)F00 | ||
| 650 | _aProducao vegetal | ||
| 650 | _aTrigo | ||
| 650 | _aTriticale | ||
| 650 | _aSemente | ||
| 650 | _aRio Grande do Sul | ||
| 773 | 0 |
_tMelhoramento de trigo, sementes, triticale e cevada _b _wF00 BR7901631 _gPasso Fundo, RS (Brasil), 1978. p. 121-123 |
|
| 909 |
_a202404 _bLucia _c55 _dLucia Elande |
||
| 942 |
_cAM _2AGRIS |
||
| 999 |
_c310461 _d310461 |
||